Раждане и смърт на звездите (Запис номер 87085)
[ съкратено ]
| 000 -Лидер | |
|---|---|
| Контролно поле с фиксирана дължина | 01899nam a2200385 c 4500 |
| 003 - Код на организацията, давaща контролен номер | |
| Контролно поле | BLK |
| 005 - Дата и час на последна редакция | |
| Контролно поле | 20240129143152.0 |
| 008 - Елементи от данни с фиксирана дължина | |
| fixed length control field | 180408b bul|||||r ||||||| ||bul|| |
| 010 ## - Наследен системен номер | |
| LC control number | KNG00091715000 |
| 040 ## - Източник на каталожния запис | |
| Идентификатор на билиотеката - собственик на записа | BLK |
| 041 ## - Код за език | |
| Код за езика на текст/звукозапис или на отделно заглавие | Български |
| Код за езика КДБФ | Български |
| 080 ## - УДК | |
| Текстов определител УДК | Звезди и звездни системи. Вселена - Космически лъчи, междузвездно пространство, Галактика, Млечен път, космология, извънгалактически системи |
| УДК код - определител по УДК | 524 |
| УДК определител | |
| УДК - код + определител | 524 |
| 100 1# - Редна дума - Автор | |
| Автор | Николов, Никола Стефанов |
| Авторска отговорност | първи автор |
| R(LIN) | 369770 |
| 139 ## - Редно поле | |
| Редна дума | Николов, Никола Стефанов и др. |
| Авторски знак | Нико - Н 70 |
| 245 10 - Сведения за заглавието | |
| Заглавие | Раждане и смърт на звездите |
| Редно поле (дума) | Никола Стефанов Николов; съавт. Венелина Петрова Рачева; съавт. Андрей Стефанов Николов. |
| 257 ## - Страна на издаване | |
| Страна на създаване/издаване | България |
| 260 ## - Област на издателските данни | |
| -- | София |
| Име на издателя, разпространителя и проч. | Нар. просв. |
| Година на издаване | 1988 |
| Печатница | Хасково : печ. Ат. Стратиев |
| 300 ## - Физическа характеристика | |
| Страници | 112 с. |
| Илюстрации и др. | с табл., сх., диагр., 8 л. : цв. ил. |
| Размери/Мащаб | 20 см |
| 380 ## - Жанр | |
| Жанр | Естествени науки. Математика |
| 490 1# - СЕРИИ (Колекции) | |
| Име на серия | Библиотека за ученика |
| 490 1# - СЕРИИ (Колекции) | |
| -- | Подсерия |
| Име на серия | Серия Физика |
| 500 ## - Общи забележки | |
| Забележка | Авт. не са отбелязани на кор. - 14 802 тир. |
| 650 #4 - Допълнително описание по предмет – тема | |
| Основно описание – тема или топоним | Звезди |
| 9 (RLIN) | 155877 |
| 650 #4 - Допълнително описание по предмет – тема | |
| Основно описание – тема или топоним | Астрономия |
| 9 (RLIN) | 147778 |
| 653 ## - Ключова дума – ненормативна | |
| Ключова дума | звезди |
| 653 ## - Ключова дума – ненормативна | |
| Ключова дума | астрономия |
| 700 1# - Други автори (авторска отговорност) | |
| Лично име | Рачева, Венелина Петрова |
| Автороска отговорност (Описва отношението между автора и произведението) | съавт. |
| 9 (RLIN) | 302579 |
| 700 1# - Други автори (авторска отговорност) | |
| Лично име | Николов, Андрей Стефанов |
| Автороска отговорност (Описва отношението между автора и произведението) | съавт. |
| 9 (RLIN) | 302580 |
| 852 ## - Местоположение | |
| Форматна сигнатура | Цб 156637 |
| 856 4# - Електронен адрес и достъп | |
| Електронен формат | pdf - файл |
| Път до файла /url/ | |
| 856 4# - Електронен адрес и достъп | |
| Електронен формат | pdf - файл |
| Път до файла /url/ | |
| 942 ## - АРТИКУЛИ | |
| Вид на библиотечния материал | Книги |
| Скрит в OPAC | Не |
| Koha issues (borrowed), all copies | 3 |
| 944 ## - СЪЗДАВАНЕ И РЕДАКЦИЯ на ЗАПИСА | |
| Създаване/Редакция | Създаване |
| Дата на регистрацията/редакция | 29.09.2009 |
| Статус, дата на статуса | Минев Младен |
| Служител, извършил регистрацията/редакцията | 30530 |
| 944 ## - СЪЗДАВАНЕ И РЕДАКЦИЯ на ЗАПИСА | |
| Създаване/Редакция | Редакция |
| Дата на регистрацията/редакция | 09.10.2017 |
| Статус, дата на статуса | ф / |
| Служител, извършил регистрацията/редакцията | Вася_Ганчева |
| 999 ## - СИСТЕМНИ КОНТРОЛНИ НОМЕРА | |
| Koha biblionumber | 87085 |
| Koha biblioitemnumber | 87085 |
| Код за отписване | Код за изгубен артикул | Източник на класификационната схема | Код за повреда | Коз за рестрикции | Код за отдаване | Артикулен № | Име на библиотеката - собственик | Име на библиотеката, в която се намира в момента | Статус (Текущо местоположение) | Дата на вписване в системата | Местоположение - отдел | Цена в лева | Инвентарен номер | Систематично азбучна сигнатура | Баркод | Номер на екземпляра | Цена в евро | Служебна бележка | Служебен тип на артикула | Бележка за публиката |
|---|---|---|---|---|---|---|---|---|---|---|---|---|---|---|---|---|---|---|---|---|
| Не е изгубен | Universal Decimal Classification | Не е повреден | без рестрикции | заемане за дома | 141016 | Регионална библиотека "Любен Каравелов" Русе | Регионална библиотека "Любен Каравелов" Русе | Заемна - подръчен фонд | 2009-09-25 | Заемна - подръчен фонд | 0.85 | 120000738642 | П 524/Н 74 | 120000738642 | 1 | 0.43 | Дост: DA Вид: А N: 12 Дата: 25.09.2009 Дата инв: 02.02.2018 Бележки инв: П2018 | Книги | ||
| Не е изгубен | Universal Decimal Classification | Не е повреден | без рестрикции | ползва се в читалня | 141017 | Регионална библиотека "Любен Каравелов" Русе | Регионална библиотека "Любен Каравелов" Русе | Хранилище | 1988-01-01 | Хранилище | 0.85 | 513541 | Цб 156637 | 120000513541 | 2 | 0.43 | Дост: Dp Вид: Д N: стар фонд Дата: 01.01.1988 | Книги | ||
| Изтеглен | Не е изгубен | Universal Decimal Classification | Не е повреден | без рестрикции | заемане за дома | 141018 | Регионална библиотека "Любен Каравелов" Русе | Регионална библиотека "Любен Каравелов" Русе | Заемна - подръчен фонд | 1988-01-01 | Заемна - подръчен фонд | 0.85 | 513643 | П 524/Н 70 | 513643 | 3 | 0.43 | Дост: Pk Вид: Ф N: стар фонд Дата: 01.01.1988 | Книги | |
| Изтеглен | Не е изгубен | Universal Decimal Classification | Не е повреден | без рестрикции | заемане за дома | 141019 | Регионална библиотека "Любен Каравелов" Русе | Регионална библиотека "Любен Каравелов" Русе | Заемна - подръчен фонд | 1988-01-01 | Заемна - подръчен фонд | 0.00 | 631169 | П 524/Н 70 | 631169 | 4 | 0.00 | Дост: Pk Вид: Ф N: стар фонд Дата: 01.01.1988 | Книги | |
| Изтеглен | Не е изгубен | Не е повреден | без рестрикции | заемане за дома | 141020 | Регионална библиотека "Любен Каравелов" Русе | Регионална библиотека "Любен Каравелов" Русе | 1988-01-01 | Детски отдел | 0.85 | 514876 | ДН 52/Н 74 | 514876 | 5 | 0.43 | Дост: Pk Вид: Ф N: стар фонд Дата: 01.01.1988 Дата инв: 01.10.2015 Бележки инв: Д2015 | Книги | Отч.N: 46/17 , Дата: 04.10.2017 | ||
| Изтеглен | Не е изгубен | Не е повреден | без рестрикции | заемане за дома | 141021 | Регионална библиотека "Любен Каравелов" Русе | Регионална библиотека "Любен Каравелов" Русе | 1988-01-01 | Детски отдел | 0.85 | 514878 | ДН 52/Н 74 | 514878 | 6 | 0.43 | Дост: Pk Вид: Ф N: стар фонд Дата: 01.01.1988 Дата инв: 01.10.2015 Бележки инв: Д2015 | Книги | Отч.N: 38/2017 , Дата: 07.09.2017 |